Cartagena hispánica 1533 a 1810
שמור ב:
| מחבר ראשי: | |
|---|---|
| פורמט: | ספר |
| שפה: | ספרדית |
| יצא לאור: |
Bogotá
Cosmos
1954
|
| סדרה: | Biblioteca de Autores Colombianos, 81
|
| נושאים: | |
| תגים: |
הוספת תג
אין תגיות, היה/י הראשונ/ה לתייג את הרשומה!
|
MARC
| LEADER | 00000nam a2200000 a 4500 | ||
|---|---|---|---|
| 001 | UCO3731 | ||
| 003 | CL-VaPUC | ||
| 008 | 000720e19540000CK |||||||||||||||||spa|d | ||
| 082 | 0 | 4 | |a 986.102 |b POR |2 21 |
| 100 | 0 | |a Porras Troconis, Gabriel |e author |9 447612 | |
| 245 | 1 | 0 | |a Cartagena hispánica 1533 a 1810 |
| 300 | |a 342 p | ||
| 942 | |c BK | ||
| 945 | |d 20000720 00:00:00 |a crobeson | ||
| 260 | |a Bogotá |b Cosmos |c 1954 | ||
| 650 | 7 | |a HISTORIA DE COLOMBIA SIGLOS 16-19 |2 CL-VaPUC |9 447591 | |
| 650 | 7 | |a HISTORIA DE CARTAGENA |2 CL-VaPUC |9 447613 | |
| 650 | 0 | |a Ciudades |9 265474 | |
| 651 | 7 | |a CARTAGENA |2 CL-VaPUC |9 345290 | |
| 583 | |a last modification |c 20180403 04:35:31 |k Rodrigo Vera | ||
| 490 | 0 | |a Biblioteca de Autores Colombianos, 81 | |
| 999 | |c 289863 |d 289861 | ||
| 952 | |0 0 |1 0 |4 0 |6 986_102000000000000_POR_1954 |7 0 |8 A |9 338763 |a BIBHIS |b BIBHIS |d 2019-11-20 |i 1297813 |o 986.102 POR 1954 |p 1297813 |r 2025-01-20 |w 2019-11-20 |y BK |k HIS | ||